Pir̲a mol̲ikaḷil Tamil̲ccol āṭci. (Record no. 88888)

MARC details
000 -LEADER
fixed length control field 00597cam a22002291 4500
001 - CONTROL NUMBER
control field sa 68019448
003 - CONTROL NUMBER IDENTIFIER
control field DLC
005 - DATE AND TIME OF LATEST TRANSACTION
control field 20260227112717.0
008 - FIXED-LENGTH DATA ELEMENTS--GENERAL INFORMATION
fixed length control field 890907s1966 ii b 000 0 tamo
010 ## - LIBRARY OF CONGRESS CONTROL NUMBER
LC control number sa 68019448
035 ## - SYSTEM CONTROL NUMBER
System control number (OCoLC)20312671
040 ## - CATALOGING SOURCE
Original cataloging agency DLC
Transcribing agency WaU
Modifying agency DLC
042 ## - AUTHENTICATION CODE
Authentication code premarc
050 00 - LIBRARY OF CONGRESS CALL NUMBER
Classification number PL4759
Item number .R3
100 1# - MAIN ENTRY--PERSONAL NAME
Personal name Ramachandran, Govindan,
Dates associated with a name 1926-
245 10 - TITLE STATEMENT
Title Pir̲a mol̲ikaḷil Tamil̲ccol āṭci.
260 ## - PUBLICATION, DISTRIBUTION, ETC.
Date of publication, distribution, etc. [1966]
300 ## - PHYSICAL DESCRIPTION
Extent 112 p.
Dimensions 22 cm.
500 ## - GENERAL NOTE
General note In Tamil.
504 ## - BIBLIOGRAPHY, ETC. NOTE
Bibliography, etc. note Bibliographical footnotes.
650 #0 - SUBJECT ADDED ENTRY--TOPICAL TERM
Topical term or geographic name entry element Tamil language
General subdivision Words
-- History.

No items available.

Powered by Koha